[Event "47. Torneo Villa de Mislata - Torneo A"]
[Site "Mislata ESP"]
[Date "2013.08.15"]
[Round "6.12"]
[White "Calvo Alfonso, Vicente"]
[Black "Ribera Cebolla, Marc"]
[Result "0-1"]
[WhiteElo "2177"]
[BlackElo "2029"]
[PlyCount "60"]
[EventDate "2013.08.12"]
[EventType "swiss"]
[EventRounds "9"]
[EventCountry "ESP"]
[Source "lmi"]
[SourceDate "2013.08.12"]

1. c4 Nf6 2. Nc3 c5 3. g3 d5 4. cxd5 Nxd5 5. Bg2 Nc7 6. d3 e5 7. Be3 Nc6 8. Nf3
Be7 9. O-O Bd7 10. Rc1 O-O 11. Na4 b6 12. Nd2 Rb8 13. f4 Nd4 14. Nc3 Nf5 15.
Bf2 exf4 16. gxf4 Nh4 17. Bxh4 Bxh4 18. Nc4 Re8 19. e4 Bc6 20. Ne5 Bb7 21. Qh5
g6 22. Qh6 Rxe5 23. fxe5 Bg5 24. Qh3 Bxc1 25. Rxf7 Kxf7 26. Qxh7+ Ke8 27. Qh8+
Kd7 28. Qg7+ Qe7 29. Bh3+ Ne6 30. Qxg6 Qg5+ 0-1

[Event "47. Torneo Villa de Mislata - Torneo A"]
[Site "Mislata ESP"]
[Date "2013.08.15"]
[Round "6.13"]
[White "Pena Riasco, Alexander"]
[Black "Morant Amezaga, Elies"]
[Result "1-0"]
[WhiteElo "2121"]
[BlackElo "2022"]
[PlyCount "123"]
[EventDate "2013.08.12"]
[EventType "swiss"]
[EventRounds "9"]
[EventCountry "ESP"]
[Source "lmi"]
[SourceDate "2013.08.12"]

1. e4 e5 2. Nf3 Nf6 3. Nxe5 d6 4. Nf3 Nxe4 5. Nc3 Nf6 6. d4 Be7 7. Bd3 O-O 8.
h3 Nc6 9. a3 Re8 10. O-O a6 11. Bf4 d5 12. Qd2 Be6 13. Rfe1 Qc8 14. Re3 Bd6 15.
Bxd6 cxd6 16. Rae1 b5 17. Ne2 Bf5 18. Ng3 Rxe3 19. Qxe3 Bxd3 20. Qxd3 Qd7 21.
Qf5 Re8 22. Qxd7 Rxe1+ 23. Nxe1 Nxd7 24. c3 g6 25. Nd3 Nb6 26. Kf1 Kf8 27. Ke2
a5 28. h4 h5 29. Nf1 Ke8 30. f3 Nc4 31. g4 Ne7 32. gxh5 gxh5 33. Ng3 Ng6 34.
Nxh5 Nxh4 35. Nf6+ Kd8 36. Nxd5 Kd7 37. Ne3 Nb6 38. f4 Ng6 39. Kf3 Ne7 40. Ke4
Nc4 41. Nxc4 bxc4 42. Nf2 f5+ 43. Kf3 Nd5 44. Nh3 Ke6 45. Ke2 Kf6 46. Kd2 Kg6
47. a4 Nb6 48. Kc2 Kh5 49. Ng5 Kg4 50. Ne6 Nd5 51. Nd8 Nb6 52. b3 cxb3+ 53.
Kxb3 d5 54. Nc6 Kxf4 55. Nxa5 Ke3 56. Nc6 f4 57. a5 Na8 58. Ne5 Ke4 59. Kb4 Nc7
60. Kc5 f3 61. Nxf3 Kxf3 62. Kc6 1-0

[Event "47. Torneo Villa de Mislata - Torneo A"]
[Site "Mislata ESP"]
[Date "2013.08.15"]
[Round "6.14"]
[White "Garcia De Lomas Guerrero, Carlos"]
[Black "Jordan Arenas, Manuel"]
[Result "1-0"]
[WhiteElo "2013"]
[BlackElo "2114"]
[PlyCount "37"]
[EventDate "2013.08.12"]
[EventType "swiss"]
[EventRounds "9"]
[EventCountry "ESP"]
[Source "lmi"]
[SourceDate "2013.08.12"]

1. e4 e5 2. Nf3 Nc6 3. d4 exd4 4. Nxd4 Nf6 5. Nxc6 bxc6 6. e5 Qe7 7. Qe2 Nd5 8.
c4 Ba6 9. b3 g6 10. f4 Bg7 11. Qf2 Nf6 12. Be2 Ne4 13. Qe3 d5 14. Ba3 Qe6 15.
Nc3 Nxc3 16. Qxc3 O-O-O 17. Qa5 Kb7 18. Qxa6+ Kxa6 19. cxd5+ 1-0

[Event "47. Torneo Villa de Mislata - Torneo A"]
[Site "Mislata ESP"]
[Date "2013.08.15"]
[Round "6.15"]
[White "Ortega Lopez, Mikel"]
[Black "Martin Capitan, Feliciano"]
[Result "1/2-1/2"]
[WhiteElo "1988"]
[BlackElo "2105"]
[PlyCount "88"]
[EventDate "2013.08.12"]
[EventType "swiss"]
[EventRounds "9"]
[EventCountry "ESP"]
[Source "lmi"]
[SourceDate "2013.08.12"]

1. e4 e5 2. Nf3 Nc6 3. Bb5 Bc5 4. O-O Nf6 5. d3 d6 6. c3 Bb6 7. h3 O-O 8. Bg5
h6 9. Be3 Ne7 10. Nbd2 Ng6 11. Ba4 Nh5 12. d4 Nhf4 13. Nc4 Qf6 14. Bxf4 Qxf4
15. Bc2 Be6 16. Nxb6 axb6 17. d5 Bd7 18. Qd2 Qf6 19. Ne1 Nf4 20. Kh2 Qh4 21.
Qe3 f5 22. Qg3 Qe7 23. a3 Rf6 24. Qe3 fxe4 25. Bxe4 Raf8 26. Nd3 Bb5 27. f3 Kh8
28. Rf2 Bxd3 29. Bxd3 Nxd3 30. Qxd3 e4 31. Qe3 Qe5+ 32. Kg1 Qxd5 33. fxe4 Qe5
34. Rxf6 Rxf6 35. Re1 Re6 36. Qd4 d5 37. Qxe5 Rxe5 38. Kf2 dxe4 39. Ke3 Re7 40.
Re2 c5 41. Kf4 g5+ 42. Kf5 e3 43. Kg6 Re6+ 44. Kf5 Re7 1/2-1/2

[Event "47. Torneo Villa de Mislata - Torneo A"]
[Site "Mislata ESP"]
[Date "2013.08.15"]
[Round "6.16"]
[White "Uran Bermudez, Oliver Kevin"]
[Black "Cebrian Flores, Juan Antonio"]
[Result "1-0"]
[WhiteElo "2103"]
[BlackElo "1988"]
[PlyCount "59"]
[EventDate "2013.08.12"]
[EventType "swiss"]
[EventRounds "9"]
[EventCountry "ESP"]
[Source "lmi"]
[SourceDate "2013.08.12"]

1. e4 c5 2. Nf3 d6 3. d4 cxd4 4. Nxd4 Nf6 5. Nc3 g6 6. Bg5 Bg7 7. Bb5+ Nbd7 8.
Qe2 O-O 9. O-O-O a6 10. Bxd7 Bxd7 11. f4 Rc8 12. e5 Rxc3 13. bxc3 Nd5 14. Qf3
Qa5 15. Kb2 Nb6 16. Rd3 dxe5 17. Nb3 Nc4+ 18. Ka1 Qa3 19. Rb1 Bc6 20. Qe2 e4
21. Rh3 Bd5 22. f5 Rc8 23. fxg6 hxg6 24. Bc1 Qa4 25. Bb2 Na5 26. Qd1 e6 27. c4
Bxb2+ 28. Rxb2 Rxc4 29. Qd2 Qb4 30. Qxb4 1-0

[Event "47. Torneo Villa de Mislata - Torneo A"]
[Site "Mislata ESP"]
[Date "2013.08.15"]
[Round "6.17"]
[White "Guillem Mora, Carlos"]
[Black "Sanchiz Marti, Josep Miquel"]
[Result "0-1"]
[WhiteElo "1903"]
[BlackElo "2047"]
[PlyCount "82"]
[EventDate "2013.08.12"]
[EventType "swiss"]
[EventRounds "9"]
[EventCountry "ESP"]
[Source "lmi"]
[SourceDate "2013.08.12"]

1. c4 Nf6 2. Nc3 g6 3. g3 Bg7 4. Bg2 O-O 5. Nf3 d6 6. O-O Nbd7 7. a3 c6 8. d3
e5 9. Bg5 Qc7 10. Rb1 Nc5 11. b4 Ne6 12. Bxf6 Bxf6 13. b5 Bd7 14. Nd2 Bg7 15.
a4 f5 16. bxc6 bxc6 17. Qb3 Nc5 18. Qa3 Rab8 19. Nb3 Ne6 20. a5 e4 21. Rfc1
exd3 22. exd3 Rfe8 23. a6 Bxc3 24. Rxc3 Nd4 25. Bf1 c5 26. f4 Bc6 27. Qa2 Nf3+
28. Kf2 Qg7 29. Qb2 Nxh2 30. Rc2 Ng4+ 31. Kg1 Qh6 32. Rh2 Nxh2 33. Qxh2 Qxh2+
34. Kxh2 Ba4 35. Nd2 Rxb1 36. Nxb1 Re1 37. Nc3 Rxf1 38. Nxa4 Rd1 39. Nc3 Rxd3
40. Nb5 Rd2+ 41. Kh3 Ra2 0-1

[Event "47. Torneo Villa de Mislata - Torneo A"]
[Site "Mislata ESP"]
[Date "2013.08.15"]
[Round "6.18"]
[White "Ribes Peris, Alvaro"]
[Black "Gonzalez Santamartina, Jorge"]
[Result "0-1"]
[WhiteElo "2109"]
[BlackElo "1891"]
[PlyCount "66"]
[EventDate "2013.08.12"]
[EventType "swiss"]
[EventRounds "9"]
[EventCountry "ESP"]
[Source "lmi"]
[SourceDate "2013.08.12"]

1. d4 d5 2. c4 e6 3. Nc3 Nf6 4. Nf3 Be7 5. Bf4 O-O 6. e3 a6 7. Rc1 dxc4 8. Bxc4
b5 9. Bd3 Nbd7 10. Ne4 Nd5 11. O-O Bb7 12. Nc5 Nxc5 13. dxc5 Nxf4 14. exf4 Bd5
15. a3 Bf6 16. Rc2 Bb3 17. Qe2 Bxc2 18. Bxc2 g6 19. h4 Bxh4 20. Be4 Rb8 21. Ne5
Qd4 22. Rc1 Bf6 23. Rd1 Qxc5 24. Nd7 Qe7 25. Nxf8 Kxf8 26. b4 c5 27. bxc5 Qxc5
28. a4 bxa4 29. Qxa6 a3 30. Bb1 Rb2 31. Qa8+ Kg7 32. Rf1 Bd4 33. f5 exf5 0-1

[Event "47. Torneo Villa de Mislata - Torneo A"]
[Site "Mislata ESP"]
[Date "2013.08.15"]
[Round "6.19"]
[White "Ferreruela Romero, Jose Joaquin"]
[Black "Moreno Vicente, Jesus Miguel"]
[Result "1-0"]
[WhiteElo "2022"]
[BlackElo "1801"]
[PlyCount "53"]
[EventDate "2013.08.12"]
[EventType "swiss"]
[EventRounds "9"]
[EventCountry "ESP"]
[Source "lmi"]
[SourceDate "2013.08.12"]

1. d4 d5 2. c4 c6 3. Nf3 Nf6 4. Nc3 e6 5. Bg5 h6 6. Bh4 g5 7. Bg3 dxc4 8. e4 b5
9. a3 Bb7 10. Be2 Nbd7 11. h4 g4 12. Ne5 h5 13. O-O Nxe5 14. Bxe5 Rg8 15. b3
Nd7 16. Bg3 cxb3 17. Qxb3 Be7 18. d5 Nc5 19. Qc2 Bxh4 20. Nxb5 Bxg3 21. Qxc5
Bb8 22. dxe6 fxe6 23. Qxh5+ Kf8 24. Qh6+ Kf7 25. Rfd1 Qc8 26. Nd6+ Bxd6 27.
Rxd6 1-0

[Event "47. Torneo Villa de Mislata - Torneo A"]
[Site "Mislata ESP"]
[Date "2013.08.15"]
[Round "6.20"]
[White "Gimenez Ruiz, Jesus"]
[Black "Gomez Sanjuan, Hector Fernando"]
[Result "0-1"]
[WhiteElo "1755"]
[BlackElo "1711"]
[PlyCount "114"]
[EventDate "2013.08.12"]
[EventType "swiss"]
[EventRounds "9"]
[EventCountry "ESP"]
[Source "lmi"]
[SourceDate "2013.08.12"]

1. e4 c5 2. Nf3 Nc6 3. d4 cxd4 4. Nxd4 g6 5. Nc3 Bg7 6. Be3 Nf6 7. Bc4 O-O 8.
Bb3 d6 9. a3 Bd7 10. O-O Ng4 11. Nxc6 bxc6 12. Bd2 Rb8 13. f3 Qb6+ 14. Kh1 Nf2+
15. Rxf2 Qxf2 16. Na4 c5 17. Nc3 Bc6 18. Be1 Qd4 19. Qe2 Qf6 20. Rd1 Rfd8 21.
Bg3 h5 22. Qa6 Ba8 23. Qxa7 h4 24. Bf2 h3 25. Qc7 hxg2+ 26. Kxg2 Rdc8 27. Qa7
c4 28. Ba4 Rxb2 29. Ne2 Rb7 30. Qa5 Qe5 31. Rd5 Qb2 32. Rb5 Rxb5 33. Bxb5 Qxc2
34. Qa6 Rd8 35. Bxc4 e6 36. Bb6 Rf8 37. Bf2 d5 38. Bd3 Qc8 39. Qa4 dxe4 40.
Bxe4 Bxe4 41. Qxe4 Qa8 42. Qd3 Rd8 43. Qb3 Qd5 44. Qb6 Qd2 45. a4 Qd6 46. a5
Qxb6 47. Bxb6 Rb8 48. Nc1 Bc3 49. Nb3 Bb4 50. Kf1 Kf8 51. Nc5 Bxc5 52. Bxc5+
Ke8 53. Ke2 Kd7 54. Kd3 Kc6 55. Be3 Rh8 56. Bg1 Kd6 57. Ke3 e5 0-1

[Event "47. Torneo Villa de Mislata - Torneo A"]
[Site "Mislata ESP"]
[Date "2013.08.16"]
[Round "7.1"]
[White "Carrascoso Morales, Abel"]
[Black "Kovacevic, Slobodan"]
[Result "1-0"]
[WhiteElo "2288"]
[BlackElo "2337"]
[PlyCount "85"]
[EventDate "2013.08.12"]
[EventType "swiss"]
[EventRounds "9"]
[EventCountry "ESP"]
[Source "lmi"]
[SourceDate "2013.08.12"]

1. d4 Nf6 2. c4 e6 3. Nc3 c5 4. d5 exd5 5. cxd5 d6 6. e4 g6 7. f4 Bg7 8. Bb5+
Nfd7 9. a4 O-O 10. Nf3 a6 11. Bd3 Nf6 12. h3 Nbd7 13. O-O Qc7 14. Nd2 Rb8 15.
a5 b5 16. axb6 Nxb6 17. Ra3 c4 18. Bc2 Re8 19. Qf3 Nfd7 20. Kh1 Bb7 21. Qg3 Nf6
22. Nf3 Nbd7 23. Qh4 h6 24. f5 g5 25. Nxg5 hxg5 26. Bxg5 Kf8 27. Ba4 Ke7 28. e5
dxe5 29. d6+ Qxd6 30. Rd1 Bxg2+ 31. Kh2 Qb6 32. Rxd7+ Kf8 33. Bxf6 Bxf6 34.
Qh6+ Bg7 35. Qxb6 Rxb6 36. Kxg2 Rxb2+ 37. Kf3 e4+ 38. Nxe4 Rc8 39. f6 Bh6 40.
Rc3 Rb4 41. Bc6 Kg8 42. Bd5 Rf8 43. Bxc4 1-0

[Event "47. Torneo Villa de Mislata - Torneo A"]
[Site "Mislata ESP"]
[Date "2013.08.16"]
[Round "7.3"]
[White "Mingarro Carceller, Sergi"]
[Black "Castella Garcia, Fausto"]
[Result "1/2-1/2"]
[WhiteElo "2195"]
[BlackElo "2338"]
[PlyCount "62"]
[EventDate "2013.08.12"]
[EventType "swiss"]
[EventRounds "9"]
[EventCountry "ESP"]
[Source "lmi"]
[SourceDate "2013.08.12"]

1. d4 Nf6 2. c4 g6 3. f3 e5 4. dxe5 Nh5 5. Nh3 Nc6 6. e4 Nxe5 7. Be3 d5 8. Nf2
Nxc4 9. Bd4 Bb4+ 10. Nc3 O-O 11. a3 Bd6 12. Nxd5 c6 13. Nf6+ Nxf6 14. Bxc4 b5
15. Be2 Qe7 16. Qc1 Nh5 17. g3 f5 18. Qxc6 Bd7 19. Qd5+ Be6 20. Qxb5 Rab8 21.
Qa4 Rfc8 22. Qd1 Bb3 23. Qd3 Bc2 24. Qd2 fxe4 25. O-O Be5 26. Nxe4 Bxe4 27.
fxe4 Qd6 28. Rad1 Nxg3 29. hxg3 Bxd4+ 30. Qxd4 Qxg3+ 31. Kh1 Qh3+ 1/2-1/2

[Event "47. Torneo Villa de Mislata - Torneo A"]
[Site "Mislata ESP"]
[Date "2013.08.16"]
[Round "7.4"]
[White "Lopez Mulet, Inigo"]
[Black "Laliena Solanes, Luis"]
[Result "1/2-1/2"]
[WhiteElo "2120"]
[BlackElo "2162"]
[PlyCount "69"]
[EventDate "2013.08.12"]
[EventType "swiss"]
[EventRounds "9"]
[EventCountry "ESP"]
[Source "lmi"]
[SourceDate "2013.08.12"]

1. d4 Nf6 2. c4 e6 3. g3 Bb4+ 4. Bd2 a5 5. Nc3 d6 6. Bg2 Nbd7 7. a3 Bxc3 8.
Bxc3 a4 9. e4 e5 10. Ne2 O-O 11. O-O Re8 12. Qc2 exd4 13. Bxd4 Ne5 14. Nc3 Bd7
15. c5 dxc5 16. Bxc5 Be6 17. Nxa4 Qd3 18. Qxd3 Nxd3 19. Rfd1 Nxf2 20. Bxf2 Rxa4
21. e5 Ne4 22. Rd4 Rxd4 23. Bxd4 Bd5 24. Re1 Nf6 25. Bc3 Bxg2 26. exf6 Rxe1+
27. Bxe1 Bd5 28. fxg7 Kxg7 29. Kf2 c5 30. Ke3 b5 31. Ba5 Bb3 32. Bb6 c4 33. Ke4
Kg6 34. h4 h5 35. Kf4 1/2-1/2

[Event "47. Torneo Villa de Mislata - Torneo A"]
[Site "Mislata ESP"]
[Date "2013.08.16"]
[Round "7.5"]
[White "Jimenez Martin, Gustavo"]
[Black "Buenafe Moya, Javier"]
[Result "1-0"]
[WhiteElo "2136"]
[BlackElo "2229"]
[PlyCount "163"]
[EventDate "2013.08.12"]
[EventType "swiss"]
[EventRounds "9"]
[EventCountry "ESP"]
[Source "lmi"]
[SourceDate "2013.08.12"]

1. d4 Nf6 2. Nc3 d5 3. Bg5 Ne4 4. Nxe4 dxe4 5. e3 c5 6. c3 cxd4 7. exd4 Qd5 8.
Bf4 Nc6 9. Qb3 Qf5 10. Bg3 e6 11. Nh3 g5 12. O-O-O Be7 13. Be2 a5 14. a4 h5 15.
f3 exf3 16. Bxf3 g4 17. Bxc6+ bxc6 18. Rhf1 Qd5 19. Qxd5 cxd5 20. Nf2 Ra7 21.
Nd3 Rb7 22. Kc2 h4 23. Be5 Rh6 24. Bf4 Rh7 25. Ne5 Rg7 26. Bh6 Rh7 27. Bf4 f6
28. Nc6 Bd7 29. Nxa5 Bxa4+ 30. b3 Ra7 31. bxa4 Rxa5 32. Ra1 Bf8 33. Bd2 h3 34.
g3 Kf7 35. c4 Ra6 36. cxd5 exd5 37. Rf4 Rg7 38. a5 Bd6 39. Rff1 Kg6 40. Kd3 Rb7
41. Rfb1 Rd7 42. Rb5 Bc7 43. Rc1 Ra7 44. Rcc5 Kf7 45. Be1 Ke6 46. Bd2 f5 47.
Rc6+ Rd6 48. Rxc7 Rxc7 49. Bf4 Rcc6 50. Bxd6 Kxd6 51. Rb2 Ra6 52. Ra2 f4 53.
gxf4 Ke6 54. Ke2 Kf5 55. Ke3 Re6+ 56. Kf2 Kxf4 57. a6 Re8 58. a7 Ra8 59. Ra4
Kg5 60. Kg3 Kf5 61. Ra5 Ke4 62. Ra4 Kf5 63. Ra5 Ke4 64. Ra4 Kf5 65. Ra5 Ke4 66.
Kxg4 Kxd4 67. Kxh3 Kc4 68. Kg3 d4 69. Kf3 Kb4 70. Ra1 Kc3 71. Ke2 Kc2 72. Ra2+
Kb3 73. Ra6 Kc3 74. Rc6+ Kb4 75. Rc7 Kb5 76. h4 Kb6 77. Rf7 Kc5 78. Kd3 Rh8 79.
Rb7 Ra8 80. h5 Kc6 81. Rg7 Rd8 82. h6 1-0

[Event "47. Torneo Villa de Mislata - Torneo A"]
[Site "Mislata ESP"]
[Date "2013.08.16"]
[Round "7.8"]
[White "Aymerich Rosell, Pablo"]
[Black "Gonzalez Aguirre, Luis"]
[Result "1-0"]
[WhiteElo "2199"]
[BlackElo "2151"]
[PlyCount "65"]
[EventDate "2013.08.12"]
[EventType "swiss"]
[EventRounds "9"]
[EventCountry "ESP"]
[Source "lmi"]
[SourceDate "2013.08.12"]

1. d4 Nf6 2. c4 e6 3. Nc3 Bb4 4. e3 c5 5. Nge2 cxd4 6. exd4 d5 7. c5 Ne4 8. Bd2
Nxd2 9. Qxd2 O-O 10. a3 Bxc3 11. Nxc3 a5 12. Rd1 a4 13. Bd3 Bd7 14. Bc2 Bc6 15.
O-O Nd7 16. Rfe1 b6 17. cxb6 Nxb6 18. Bd3 Rb8 19. Re3 g6 20. Rh3 Qf6 21. Ne2
Nc4 22. Bxc4 dxc4 23. Ng3 Rb3 24. Qh6 Qg7 25. Qf4 Rfb8 26. Nh5 gxh5 27. Rg3
Qxg3 28. hxg3 Rxb2 29. Qg5+ Kh8 30. Qxh5 Rb1 31. Rxb1 Rxb1+ 32. Kh2 Rb7 33. Qc5
1-0

[Event "47. Torneo Villa de Mislata - Torneo A"]
[Site "Mislata ESP"]
[Date "2013.08.16"]
[Round "7.9"]
[White "Sanchez Dengra, Jose Maria"]
[Black "Montalban Galvez, Antoni"]
[Result "1/2-1/2"]
[WhiteElo "2134"]
[BlackElo "2197"]
[PlyCount "171"]
[EventDate "2013.08.12"]
[EventType "swiss"]
[EventRounds "9"]
[EventCountry "ESP"]
[Source "lmi"]
[SourceDate "2013.08.12"]

1. e4 c6 2. d4 d5 3. e5 Bf5 4. h4 h5 5. c4 e6 6. Nc3 Ne7 7. cxd5 Nxd5 8. Bd3
Bxd3 9. Qxd3 Nb4 10. Qe2 Qxd4 11. Nf3 Qd3 12. Qxd3 Nxd3+ 13. Ke2 Nb4 14. Bg5
Nd7 15. Ne4 Nc5 16. Nxc5 Bxc5 17. Rhd1 Nd5 18. Rac1 Be7 19. Nd4 Bd8 20. Bxd8
Rxd8 21. g3 Ke7 22. b4 Nxb4 23. Rb1 c5 24. a3 Rxd4 25. Rxd4 cxd4 26. Rxb4 b6
27. Rxd4 Rc8 28. Rd3 Rc5 29. f4 Rd5 30. Rc3 Kd7 31. Kf3 Rc5 32. Rd3+ Kc7 33.
Ke4 b5 34. Rb3 Kc6 35. Kd4 a5 36. Ke4 Rc1 37. Kd4 Rd1+ 38. Ke4 Rc1 39. Kd4 Rc4+
40. Kd3 Kc5 41. Kd2 b4 42. axb4+ axb4 43. Kd3 Rc1 44. Kd2 Rg1 45. Rd3 Kc4 46.
Rd7 Rg2+ 47. Kc1 Rxg3 48. Rxf7 Kd4 49. Rb7 Kc3 50. Rc7+ Kd3 51. Rc6 Ke4 52.
Rxe6 Kxf4 53. Rb6 b3 54. e6 Re3 55. Kd2 b2 56. Rxb2 Rxe6 57. Rb5 Kg4 58. Rg5+
Kxh4 59. Rxg7 Kh3 60. Rg5 h4 61. Rg8 Kh2 62. Rg4 h3 63. Rg8 Re7 64. Rg6 Re4 65.
Rg8 Kh1 66. Rg3 Kh2 67. Rg8 Ra4 68. Ke2 Ra2+ 69. Kf1 Rg2 70. Rh8 Rg5 71. Rh7
Rf5+ 72. Ke2 Rf4 73. Rh8 Rg4 74. Kf2 Rg2+ 75. Kf1 Ra2 76. Rg8 Ra1+ 77. Kf2 Ra3
78. Kf1 Rf3+ 79. Ke2 Rg3 80. Rf8 Kh1 81. Kf2 Rg2+ 82. Kf1 Rg4 83. Rf7 Ra4 84.
Kf2 Kh2 85. Kf1 Kg3 86. Rg7+ 1/2-1/2

[Event "47. Torneo Villa de Mislata - Torneo A"]
[Site "Mislata ESP"]
[Date "2013.08.16"]
[Round "7.10"]
[White "Jordan Martinez, Miguel"]
[Black "Rubio Tent, Francisco"]
[Result "1/2-1/2"]
[WhiteElo "2172"]
[BlackElo "2150"]
[PlyCount "131"]
[EventDate "2013.08.12"]
[EventType "swiss"]
[EventRounds "9"]
[EventCountry "ESP"]
[Source "lmi"]
[SourceDate "2013.08.12"]

1. e4 d5 2. exd5 Qxd5 3. Nc3 Qd8 4. d4 Nf6 5. Bc4 a6 6. Nf3 b5 7. Bb3 c5 8. a4
c4 9. Ba2 Nd5 10. Bd2 Bb7 11. Ne2 e6 12. c3 Nd7 13. Bb1 N7f6 14. axb5 axb5 15.
Rxa8 Qxa8 16. O-O Bd6 17. Ng3 Nf4 18. Bxf4 Bxf4 19. Ne1 h5 20. Qe2 Kf8 21. f3
Qb8 22. Rf2 Bxg3 23. hxg3 Qxg3 24. Qe5 Qxe5 25. dxe5 Nd7 26. f4 Ke7 27. Nc2 Be4
28. Na3 Bxb1 29. Nxb1 Nc5 30. Na3 Rb8 31. Rd2 Nd3 32. g3 h4 33. Kg2 hxg3 34.
Kxg3 g5 35. fxg5 Nxe5 36. Kf4 Nd3+ 37. Ke3 Nc5 38. Nc2 Nb3 39. Rg2 Rd8 40. Nb4
Rh8 41. g6 fxg6 42. Rxg6 Rh2 43. Rg7+ Kf6 44. Rb7 Rxb2 45. Rxb5 Rh2 46. Rb6 Kf5
47. Rb5+ Kg4 48. Nc6 Rh3+ 49. Ke4 Rxc3 50. Ne5+ Kg3 51. Rb4 Nd2+ 52. Kd4 Rc1
53. Ke3 c3 54. Nd3 Rf1 55. Rb8 Rf3+ 56. Ke2 Rf6 57. Rg8+ Kh4 58. Rc8 Nb1 59.
Rb8 c2 60. Rb2 Na3 61. Ra2 Nb5 62. Ra4+ Kg3 63. Kd2 e5 64. Kxc2 Nd4+ 65. Kd2
Nf3+ 66. Ke3 1/2-1/2

[Event "47. Torneo Villa de Mislata - Torneo A"]
[Site "Mislata ESP"]
[Date "2013.08.16"]
[Round "7.11"]
[White "Ribera Cebolla, Marc"]
[Black "Pena Riasco, Alexander"]
[Result "1-0"]
[WhiteElo "2029"]
[BlackElo "2121"]
[PlyCount "43"]
[EventDate "2013.08.12"]
[EventType "swiss"]
[EventRounds "9"]
[EventCountry "ESP"]
[Source "lmi"]
[SourceDate "2013.08.12"]

1. e4 d5 2. exd5 Qxd5 3. Nc3 Qa5 4. d4 Nf6 5. Bd2 c6 6. Bc4 Bf5 7. Nf3 e6 8.
Nd5 Qd8 9. Nxf6+ gxf6 10. Qe2 Bxc2 11. O-O Bg6 12. Rfe1 Qd6 13. Rad1 Nd7 14. g3
O-O-O 15. Bf4 Qe7 16. Rc1 Nb6 17. Ba6 Qd7 18. Qb5 e5 19. Nxe5 bxa6 20. Qxa6+
Qb7 21. Rxc6+ Kb8 22. Nd7+ 1-0

[Event "47. Torneo Villa de Mislata - Torneo A"]
[Site "Mislata ESP"]
[Date "2013.08.16"]
[Round "7.12"]
[White "Sanchiz Marti, Josep Miquel"]
[Black "Uran Bermudez, Oliver Kevin"]
[Result "1-0"]
[WhiteElo "2047"]
[BlackElo "2103"]
[PlyCount "139"]
[EventDate "2013.08.12"]
[EventType "swiss"]
[EventRounds "9"]
[EventCountry "ESP"]
[Source "lmi"]
[SourceDate "2013.08.12"]

1. d4 d5 2. c4 e6 3. Nc3 Nf6 4. cxd5 exd5 5. Bg5 c6 6. e3 Bd6 7. Qc2 h6 8. Bxf6
Qxf6 9. Nxd5 cxd5 10. Qxc8+ Ke7 11. Qxb7+ Nd7 12. Bb5 Rhd8 13. Ne2 Qg5 14. O-O
Rab8 15. Qa6 Nf6 16. h3 Kf8 17. Bd3 Ne4 18. Bxe4 dxe4 19. Nc3 f5 20. Qe2 Kg8
21. Rac1 Rb7 22. Kh1 Qh4 23. Nb5 Bb8 24. Rc6 Kh7 25. Rc5 Rf7 26. Rfc1 a6 27.
Nc7 g5 28. Qc4 Rdd7 29. Nxa6 Bd6 30. Rd5 Rg7 31. Nc5 Rc7 32. Rxd6 g4 33. Qe6
Qh5 34. Qxh6+ Qxh6 35. Rxh6+ Kxh6 36. hxg4 Rxg4 37. g3 f4 38. exf4 e3 39. Kg2
exf2 40. Kxf2 Rg6 41. Rh1+ Kg7 42. Re1 Kf7 43. Kf3 Rd6 44. Re4 Ra7 45. a4 Kf8
46. g4 Rh7 47. f5 Rh2 48. b3 Kf7 49. Kf4 Rf2+ 50. Ke3 Rg2 51. Kd3 Rg1 52. Kc4
Rc1+ 53. Kb5 Rd1 54. a5 Rh1 55. a6 Rh8 56. b4 Rb8+ 57. Kc4 Rdb6 58. a7 Ra8 59.
Re6 Rxe6 60. fxe6+ Ke7 61. b5 Rxa7 62. b6 Ra8 63. b7 Rb8 64. Kd5 Rd8+ 65. Kc6
Rxd4 66. b8=Q Rxg4 67. Qc7+ Kf6 68. Qf7+ Ke5 69. Qh5+ Kf4 70. Qxg4+ 1-0

[Event "47. Torneo Villa de Mislata - Torneo A"]
[Site "Mislata ESP"]
[Date "2013.08.16"]
[Round "7.13"]
[White "Cabero Feliciano, Guillermo"]
[Black "Garcia De Lomas Guerrero, Carlos"]
[Result "0-1"]
[WhiteElo "2072"]
[BlackElo "2013"]
[PlyCount "126"]
[EventDate "2013.08.12"]
[EventType "swiss"]
[EventRounds "9"]
[EventCountry "ESP"]
[Source "lmi"]
[SourceDate "2013.08.12"]

1. Nf3 d5 2. c4 e6 3. e3 Nf6 4. Nc3 c6 5. b3 Nbd7 6. Qc2 Bd6 7. Bb2 Qe7 8. Be2
O-O 9. Rg1 a6 10. g4 b5 11. g5 Ne8 12. h4 Bb7 13. h5 e5 14. Qf5 Nc7 15. Qh3 Qe6
16. Qh4 Be7 17. Qg3 c5 18. cxd5 Nxd5 19. Nxd5 Bxd5 20. h6 g6 21. Nxe5 Nxe5 22.
Qxe5 f6 23. gxf6 Bxf6 24. Qxe6+ Bxe6 25. Bxf6 Rxf6 26. Rc1 Rc8 27. Rg5 Rf5 28.
Rxf5 gxf5 29. Bf3 Kf7 30. Bb7 Rb8 31. Bf3 Rc8 32. Ke2 c4 33. b4 Kg6 34. a3 Kxh6
35. Rh1+ Kg7 36. Kd1 Rd8 37. Kc2 Rd3 38. Ra1 Bd5 39. Bxd5 Rxd5 40. a4 h5 41.
axb5 axb5 42. Rh1 Kg6 43. f4 Rd7 44. Rg1+ Kf6 45. Rh1 Rh7 46. Rh4 Ke6 47. Kc3
Kd5 48. d3 cxd3 49. Kxd3 Rh8 50. e4+ fxe4+ 51. Ke3 Kc4 52. f5 Kxb4 53. Kxe4 Kc3
54. f6 b4 55. Rh3+ Kc4 56. Ke5 b3 57. f7 b2 58. Rh1 Kb3 59. Kf6 Ka2 60. Kg7 Ra8
61. Rxh5 b1=Q 62. Ra5+ Rxa5 63. f8=Q Rg5+ 0-1

[Event "47. Torneo Villa de Mislata - Torneo A"]
[Site "Mislata ESP"]
[Date "2013.08.16"]
[Round "7.14"]
[White "Cano Cabanillas, Javier"]
[Black "Nieves Cabanes, Jose Manuel"]
[Result "1/2-1/2"]
[WhiteElo "2010"]
[BlackElo "2048"]
[PlyCount "49"]
[EventDate "2013.08.12"]
[EventType "swiss"]
[EventRounds "9"]
[EventCountry "ESP"]
[Source "lmi"]
[SourceDate "2013.08.12"]

1. e4 c6 2. d4 d5 3. Nc3 dxe4 4. Nxe4 Bf5 5. Ng3 Bg6 6. h4 h6 7. Nf3 Nd7 8. h5
Bh7 9. Bd3 Bxd3 10. Qxd3 Ngf6 11. Bd2 e6 12. O-O-O Bd6 13. Ne4 Nxe4 14. Qxe4
Nf6 15. Qe2 Qc7 16. g3 O-O-O 17. c4 c5 18. Bc3 cxd4 19. Nxd4 a6 20. Kb1 Kb8 21.
Nf3 Ka8 22. Ne5 Rhf8 23. Rh4 Bc5 24. Rhh1 Rc8 25. f4 1/2-1/2

[Event "47. Torneo Villa de Mislata - Torneo A"]
[Site "Mislata ESP"]
[Date "2013.08.16"]
[Round "7.15"]
[White "Martin Capitan, Feliciano"]
[Black "Gonzalvez Perales, Jose Luis"]
[Result "1-0"]
[WhiteElo "2105"]
[BlackElo "1963"]
[PlyCount "89"]
[EventDate "2013.08.12"]
[EventType "swiss"]
[EventRounds "9"]
[EventCountry "ESP"]
[Source "lmi"]
[SourceDate "2013.08.12"]

1. e4 c6 2. d4 d5 3. Nc3 dxe4 4. Nxe4 Nd7 5. Bc4 Ngf6 6. Ng3 e6 7. Nf3 c5 8.
O-O Be7 9. Re1 O-O 10. Bd2 cxd4 11. Nxd4 Nc5 12. Bf4 a6 13. a4 Nd5 14. Bxd5
Qxd5 15. Ndf5 Bf6 16. Qxd5 exd5 17. Bd6 Bxf5 18. Nxf5 Rfc8 19. c3 Ne4 20. Be7
Re8 21. Bxf6 Nxf6 22. Nd6 Re6 23. Rxe6 fxe6 24. Re1 Ne4 25. Nxe4 dxe4 26. Rxe4
Re8 27. f4 Kf7 28. Kf2 Rd8 29. Rd4 Rb8 30. Rd7+ Kf6 31. g4 h6 32. h4 g6 33. g5+
hxg5 34. hxg5+ Kf5 35. Kf3 e5 36. Rf7+ Ke6 37. Rf6+ Kd5 38. Rxg6 exf4 39. Kxf4
b5 40. a5 b4 41. Rxa6 bxc3 42. bxc3 Rc8 43. g6 Rxc3 44. g7 Rc8 45. Rg6 1-0